Clubs francais ayant gagné au moins une fois la L1, la CDF et la CDL - Statistiques

Statistiques générales
  • Ce quiz a été pris 70 fois
  • Le résultat moyen est 8 sur 9
Statistiques - réponses
Rang clubs L1 Coupe de france Coupe de la Ligue % Correct
1 Paris SG 14 16 9
100%
3 Marseille 9 10 3
99%
5 Lyon 7 5 1
97%
2 Saint - Etienne 10 6 1
94%
6 Bordeaux 6 4 3
91%
4 Monaco 8 5 1
91%
9 Lens 1 1 1
85%
8 Strasbourg 1 3 3
70%
7 Sochaux 2 2 1
52%
Aucun quiz correspondant
Distribution des résultats
% des personnes avec chaque résultat
Percentile par nombre de réponses
Votre historique - résultats
Vous n’avez pas pris ce quiz